| 000 | 01084nam0a22002531 4500 | ||
|---|---|---|---|
| 001 | rc\4418681 | ||
| 005 | 20130416153836.4 | ||
| 021 |
_aRU _b[62-84600] |
||
| 035 | _a(NLR Aleph) 008568677 | ||
| 090 |
_a8511462 _c8511462 |
||
| 100 | _a20130416d1962 |||y0rusy50 ca | ||
| 101 | 0 | _arus | |
| 102 | _aRU | ||
| 105 | _ay z ||||| | ||
| 200 | 1 |
_aГлавная экономическая задача партии и народа _eУчеб. пособие по курсу полит. экономии _fМ-во высш. и сред. спец. образования РСФСР. Сев.-зап. заоч. политехн. ин-т _iРаздел "Коммунистический способ производства" |
|
| 210 |
_aЛенинград _cБ. и. _d1962 |
||
| 215 |
_a33 с. _d21 |
||
| 606 |
_aМатериально-техническая база коммунизма _2psbo |
||
| 700 | 1 |
_aЗаливалов _bМ. К. _gМихаил Киприянович |
|
| 801 | 0 |
_aRU _bNLR _gpsbo |
|
| 801 | 1 |
_aRU _bELAR _2rusmarc |
|
| 852 |
_aNLR _j62-6/12795 |
||
| 942 | _cBOOK | ||
| 980 | _aNB | ||